000 00695nam a22002177a 4500
003 UA-OsUOA
001 37236
007 ta
008 20060301b un ||||| |||| 00| 0 ukr d
100 _aФедулова Л.
090 _a330(477)
_bФ11
942 _cSA
040 _aUA-OsUOA
_bukr
_cUA-OsUOA
_dUA-OsUOA
245 _aПотенційні можливості великого бізнесу у формування національної інноваційної системи України
300 _aС.56-59
955 _a0
041 _aukr
080 _a330(477)
773 0 _w37232
_tЕкономіст
_dК.
_d2006
_g1
650 7 _a330 Економіка взагалі
_2UDC
999 _c323428
_d323428